[Event "Ruhrgebiet Verbandsliga Gruppe 1 1819"]
[Site "Nordrheinwestfalen"]
[Date "2019.05.05"]
[Round "9.5"]
[White "Bense, Dirk"]
[Black "Volesky, Karl Heinz"]
[Result "1/2-1/2"]
[WhiteElo "1983"]
[BlackElo "1952"]
[PlyCount "82"]
[EventDate "2018.09.23"]
[EventType "team-tourn"]
[EventRounds "9"]
[EventCountry "GER"]
[SourceTitle "EXT 2022"]
[Source "ChessBase"]
[SourceDate "2021.10.06"]
[SourceVersion "1"]
[SourceVersionDate "2021.10.06"]
[SourceQuality "1"]
[WhiteTeam "Brackel SF II"]
[BlackTeam "Ahlen SV"]
[WhiteTeamCountry "GER"]
[BlackTeamCountry "GER"]

1. e4 c5 2. Nf3 Nc6 3. d4 cxd4 4. Nxd4 Nf6 5. Nc3 e5 6. Ndb5 d6 7. Nd5 Nxd5 8. exd5 Nb8 9. a4 a6 10. Na3 Bf5 11. Nc4 Nd7 12. Be2 Bg6 13. 0-0 f5 14. f4 e4 15. Be3 Be7 16. b4 0-0 17. Na5 Bf6 18. Rb1 Qc7 19. c4 Be8 20. Nb3 Nb6 21. a5 Nxc4 22. Bd4 b5 23. axb6 Nxb6 24. Rc1 Qb8 25. Bxf6 Rxf6 26. Na5 Bf7 27. Nc6 Qe8 28. Bc4 Nxc4 29. Rxc4 Qd7 30. Qd4 Qb7 31. Re1 h6 32. Rc3 Kh7 33. Ra1 Qb5 34. Ra5 Qe2 35. Re3 Qc2 36. b5 Be8 37. b6 Bxc6 38. dxc6 Rg6 39. g3 Qc1+ 40. Kf2 Qc2+ 41. Kg1 Qc1+ 1/2-1/2

[Event "Ruhrgebiet Verbandsliga Gruppe 1 1819"]
[Site "Nordrheinwestfalen"]
[Date "2019.03.24"]
[Round "8.4"]
[White "Finke, Dominik"]
[Black "Volesky, Karl Heinz"]
[Result "1-0"]
[WhiteElo "1999"]
[BlackElo "2029"]
[PlyCount "97"]
[EventDate "2018.09.23"]
[EventType "team-tourn"]
[EventRounds "9"]
[EventCountry "GER"]
[SourceTitle "EXT 2022"]
[Source "ChessBase"]
[SourceDate "2021.10.06"]
[SourceVersion "1"]
[SourceVersionDate "2021.10.06"]
[SourceQuality "1"]
[WhiteTeam "Bochum SG III"]
[BlackTeam "Ahlen SV"]
[WhiteTeamCountry "GER"]
[BlackTeamCountry "GER"]

1. c4 e6 2. g3 c5 3. Bg2 Nc6 4. Nf3 b6 5. Nc3 Bb7 6. 0-0 Qc8 7. b3 Nf6 8. Ba3 Nb4 9. d4 d6 10. Bb2 cxd4 11. Nxd4 Bxg2 12. Kxg2 Be7 13. e4 0-0 14. Qf3 Rd8 15. Rfd1 Nc6 16. Nxc6 Qxc6 17. Rd2 a6 18. Rad1 Nd7 19. Qe2 Nc5 20. Kg1 Bf6 21. e5 dxe5 22. Rxd8+ Rxd8 23. Rxd8+ Bxd8 24. Qxe5 Bc7 25. Qd4 Nd7 26. Nd5 e5 27. Ne7+ Kf8 28. Nxc6 exd4 29. Bxd4 f6 30. Nb4 a5 31. Nd5 Bd8 32. f4 g6 33. g4 Kf7 34. Kf2 Ke6 35. Ke3 b5 36. Kd3 Kd6 37. a3 Nc5+ 38. Bxc5+ Kxc5 39. a4 bxc4+ 40. bxc4 h5 41. gxh5 gxh5 42. f5 h4 43. h3 Kd6 44. Kd4 Kc6 45. c5 Bc7 46. Nxc7 Kxc7 47. Kd5 Kd7 48. c6+ Kc7 49. Kc5 1-0

[Event "Ruhrgebiet Verbandsliga Gruppe 1 1819"]
[Site "Nordrheinwestfalen"]
[Date "2018.10.07"]
[Round "2.4"]
[White "Volesky, Karl Heinz"]
[Black "Schriewer, Thomas"]
[Result "1/2-1/2"]
[WhiteElo "2029"]
[BlackElo "1907"]
[PlyCount "43"]
[EventDate "2018.09.23"]
[EventType "team-tourn"]
[EventRounds "9"]
[EventCountry "GER"]
[SourceTitle "EXT 2022"]
[Source "ChessBase"]
[SourceDate "2021.10.06"]
[SourceVersion "1"]
[SourceVersionDate "2021.10.06"]
[SourceQuality "1"]
[WhiteTeam "Ahlen SV"]
[BlackTeam "Sodingen/Castrop SK II"]
[WhiteTeamCountry "GER"]
[BlackTeamCountry "GER"]

1. e4 c5 2. Nf3 e6 3. d4 cxd4 4. Nxd4 Nc6 5. Nc3 Qc7 6. a3 a6 7. Be3 b6 8. Nxc6 dxc6 9. g3 Nf6 10. Bg2 Be7 11. 0-0 0-0 12. f4 Nd7 13. Qf3 Bb7 14. Qf2 f5 15. e5 c5 16. Rfd1 Rfd8 17. Rd2 Nf8 18. Rad1 Rxd2 19. Rxd2 Rd8 20. Rxd8 Bxd8 21. Bxb7 Qxb7 22. Qg2 1/2-1/2

[Event "Ruhrgebiet Regionalliga 1718"]
[Site "Germany"]
[Date "2018.04.15"]
[Round "8.3"]
[White "Koehn, Peter"]
[Black "Volesky, Karl Heinz"]
[Result "1/2-1/2"]
[WhiteElo "2163"]
[BlackElo "2050"]
[PlyCount "75"]
[EventDate "2017.10.01"]
[EventType "team-tourn"]
[EventRounds "9"]
[EventCountry "GER"]
[SourceTitle "EXT 2022"]
[Source "ChessBase"]
[SourceDate "2021.10.06"]
[SourceVersion "1"]
[SourceVersionDate "2021.10.06"]
[SourceQuality "1"]
[WhiteTeam "Wattenscheid SV II"]
[BlackTeam "Ahlen SV"]
[WhiteTeamCountry "GER"]
[BlackTeamCountry "GER"]

1. c4 Nf6 2. Nc3 c5 3. g3 Nc6 4. Bg2 g6 5. Nf3 Bg7 6. d4 cxd4 7. Nxd4 0-0 8. 0-0 Nxd4 9. Qxd4 d6 10. Qd3 Qa5 11. h3 Bd7 12. Bd2 Bc6 13. e4 Qc7 14. Rac1 Rac8 15. Rfe1 Nd7 16. b4 b6 17. Qe2 Rfe8 18. h4 a6 19. h5 Bb7 20. Nd5 Bxd5 21. exd5 a5 22. a3 Bb2 23. Qe3 Bxc1 24. Rxc1 axb4 25. axb4 b5 26. hxg6 hxg6 27. c5 dxc5 28. bxc5 Qe5 29. c6 Qxe3 30. Bxe3 Ne5 31. Rb1 Ra8 32. Bd4 Nc4 33. Rxb5 Nd6 34. Rc5 e5 35. dxe6 Rxe6 36. c7 Re1+ 37. Kh2 Rc8 38. Be5 1/2-1/2

[Event "Ruhrgebiet Regionalliga 1617"]
[Site "Germany"]
[Date "2017.01.15"]
[Round "5.3"]
[White "Bastians, Felix"]
[Black "Volesky, Karl Heinz"]
[Result "0-1"]
[WhiteElo "2093"]
[BlackElo "2051"]
[PlyCount "58"]
[EventDate "2016.09.11"]
[EventType "team-tourn"]
[EventRounds "9"]
[EventCountry "GER"]
[SourceTitle "EXT 2022"]
[Source "ChessBase"]
[SourceDate "2021.10.06"]
[SourceVersion "1"]
[SourceVersionDate "2021.10.06"]
[SourceQuality "1"]
[WhiteTeam "Welper SV"]
[BlackTeam "Ahlen SV"]
[WhiteTeamCountry "GER"]
[BlackTeamCountry "GER"]

1. g3 c5 2. Bg2 Nc6 3. Nf3 g6 4. 0-0 Bg7 5. e4 Nd4 6. c3 Nxf3+ 7. Bxf3 e5 8. d3 d6 9. Be3 Bh3 10. Re1 Ne7 11. d4 b6 12. dxe5 dxe5 13. Nd2 0-0 14. a4 Nc6 15. Nc4 Be6 16. Qe2 Qf6 17. Bg4 Bxc4 18. Qxc4 Na5 19. Qb5 h5 20. Bh3 a6 21. Qe2 Rfd8 22. Rad1 c4 23. Rxd8+ Rxd8 24. b4 cxb3 25. Qxa6 Rb8 26. Rd1 Qc6 27. Qa7 Rb7 28. Qa8+ Kh7 29. Bc8 Rd7 0-1

[Event "Ruhrgebiet Regionalliga 1617"]
[Site "Germany"]
[Date "2016.12.04"]
[Round "4.3"]
[White "Volesky, Karl Heinz"]
[Black "Krueger, Erich"]
[Result "1-0"]
[WhiteElo "2051"]
[BlackElo "2146"]
[PlyCount "81"]
[EventDate "2016.09.11"]
[EventType "team-tourn"]
[EventRounds "9"]
[EventCountry "GER"]
[SourceTitle "EXT 2022"]
[Source "ChessBase"]
[SourceDate "2021.10.06"]
[SourceVersion "1"]
[SourceVersionDate "2021.10.06"]
[SourceQuality "1"]
[WhiteTeam "Ahlen SV"]
[BlackTeam "Katernberg SF III"]
[WhiteTeamCountry "GER"]
[BlackTeamCountry "GER"]

1. e4 c6 2. d4 d5 3. f3 Qb6 4. Nc3 dxe4 5. fxe4 e5 6. dxe5 Bc5 7. Bc4 Bxg1 8. Qf3 Be6 9. Bxe6 fxe6 10. Ne2 Ne7 11. Rxg1 Rf8 12. Qe3 c5 13. Qc3 Ng6 14. Be3 Nd7 15. 0-0-0 Ngxe5 16. Bf4 Nf7 17. Qxg7 0-0-0 18. Bg3 e5 19. Rgf1 Qh6+ 20. Qxh6 Nxh6 21. Rf3 Rxf3 22. gxf3 Rf8 23. Rf1 Ng4 24. Kd2 Ngf6 25. Ke3 c4 26. h3 Nh5 27. Bh2 Ng7 28. Rd1 Ne6 29. h4 Nd8 30. Rg1 Nc6 31. c3 h5 32. Rg5 Rd8 33. Rxh5 Nf6 34. Rf5 Rd3+ 35. Kf2 Nd7 36. h5 Ne7 37. Rg5 Rd2 38. Bxe5 Nxe5 39. Rxe5 Kd7 40. h6 Rxb2 41. Rxe7+ 1-0

[Event "Ruhrgebiet Regionalliga 1516"]
[Site "Germany"]
[Date "2015.10.18"]
[Round "2.3"]
[White "Volesky, Karl Heinz"]
[Black "Marx, Henning"]
[Result "1-0"]
[WhiteElo "2016"]
[BlackElo "2001"]
[PlyCount "51"]
[EventDate "2015.09.13"]
[EventType "team-tourn"]
[EventRounds "9"]
[EventCountry "GER"]
[SourceTitle "EXT 2022"]
[Source "ChessBase"]
[SourceDate "2021.10.06"]
[SourceVersion "1"]
[SourceVersionDate "2021.10.06"]
[SourceQuality "1"]
[WhiteTeam "Ahlen SV"]
[BlackTeam "Bochum-Linden"]
[WhiteTeamCountry "GER"]
[BlackTeamCountry "GER"]

1. e4 d5 2. exd5 Qxd5 3. Nc3 Qa5 4. d4 Nf6 5. Bc4 Bf5 6. Bd2 c6 7. Qe2 Qb6 8. 0-0-0 e6 9. h3 h5 10. Nf3 Bd6 11. Nh4 Kf8 12. g4 Bh7 13. g5 Nd5 14. Bxd5 cxd5 15. Qxh5 Kg8 16. Qg4 Be7 17. Rhe1 Nc6 18. Rxe6 fxe6 19. Qxe6+ Kf8 20. Nxd5 Qxd4 21. g6 Bg8 22. Qf5+ Ke8 23. Nc7+ Kd8 24. Nxa8 Be6 25. Qxe6 Rxh4 26. Be3 1-0

[Event "Ruhrgebiet Verbandsliga Gruppe 2 1415"]
[Site "Germany"]
[Date "2014.11.16"]
[Round "3"]
[White "Haase, Thomas Konstantin"]
[Black "Volesky, Karl Heinz"]
[Result "1-0"]
[WhiteElo "2023"]
[BlackElo "2007"]
[PlyCount "143"]
[EventDate "2014.09.21"]
[EventType "team-tourn"]
[EventRounds "9"]
[EventCountry "GER"]
[SourceTitle "EXT 2022"]
[Source "ChessBase"]
[SourceDate "2021.10.06"]
[SourceVersion "1"]
[SourceVersionDate "2021.10.06"]
[SourceQuality "1"]
[WhiteTeam "Bochum SG III"]
[BlackTeam "Ahlen SV"]
[WhiteTeamCountry "GER"]
[BlackTeamCountry "GER"]

1. e4 c5 2. Nf3 g6 3. Nc3 Bg7 4. d4 cxd4 5. Nxd4 Nc6 6. Be3 Nf6 7. Bc4 0-0 8. 0-0 d6 9. f3 Nxd4 10. Bxd4 Be6 11. Bxe6 fxe6 12. e5 Ne8 13. exd6 exd6 14. Re1 Bxd4+ 15. Qxd4 Ng7 16. Rad1 d5 17. Qb4 Qg5 18. Kh1 b6 19. Nb5 Rac8 20. Nd4 e5 21. Ne2 Nf5 22. Nc3 Nd4 23. Qd6 Rfd8 24. Qxe5 Qxe5 25. Rxe5 Nxc2 26. Rexd5 Rxd5 27. Rxd5 Rc7 28. Kg1 Ne3 29. Rd3 Nc4 30. b3 Nb2 31. Rd8+ Kg7 32. Ne4 a5 33. Kf2 a4 34. bxa4 Nxa4 35. Rd2 Nc3 36. Ke3 b5 37. Nxc3 Rxc3+ 38. Kd4 Rc4+ 39. Ke5 Rc5+ 40. Ke6 Rc6+ 41. Kd5 Rc8 42. Rb2 Ra8 43. Kc5 h5 44. Rd2 Rb8 45. g4 Kh6 46. h4 hxg4 47. fxg4 Rb7 48. Rd6 Kg7 49. Ra6 b4 50. Kc4 Rf7 51. Rd6 Rf2 52. Rd7+ Kg8 53. Kb3 Rf4 54. Rb7 Rxg4 55. Rxb4 Rg3+ 56. Ka4 Kg7 57. Rf4 Rg2 58. Kb3 Rg1 59. a4 Rb1+ 60. Kc4 Kh6 61. a5 Rb7 62. Kc5 Re7 63. Ra4 Kh5 64. a6 Re5+ 65. Kd6 Re8 66. a7 Ra8 67. Ke6 Re8+ 68. Kf7 Ra8 69. Ra5+ Kxh4 70. Kxg6 Kg4 71. Ra4+ Kf3 72. Kf7 1-0

[Event "Ruhrgebiet Verbandsliga Gruppe 2 1415"]
[Site "Germany"]
[Date "2014.10.19"]
[Round "2.5"]
[White "Volesky, Karl Heinz"]
[Black "Cavasin, Joerg"]
[Result "1-0"]
[WhiteElo "2007"]
[BlackElo "1903"]
[PlyCount "109"]
[EventDate "2014.09.21"]
[EventType "team-tourn"]
[EventRounds "9"]
[EventCountry "GER"]
[SourceTitle "EXT 2022"]
[Source "ChessBase"]
[SourceDate "2021.10.06"]
[SourceVersion "1"]
[SourceVersionDate "2021.10.06"]
[SourceQuality "1"]
[WhiteTeam "Ahlen SV"]
[BlackTeam "Altenessen"]
[WhiteTeamCountry "GER"]
[BlackTeamCountry "GER"]

1. e4 c5 2. Nf3 d6 3. d4 cxd4 4. Nxd4 Nf6 5. Nc3 e5 6. Nb3 a6 7. Be3 Be7 8. Qe2 0-0 9. 0-0-0 b5 10. f3 Be6 11. g4 Nbd7 12. Qf2 Bc4 13. Nd2 Be6 14. Kb1 Rc8 15. g5 Nh5 16. Nb3 Rc6 17. h4 Nb6 18. Na5 Rc8 19. Bxb6 Qd7 20. Nd5 Bxd5 21. exd5 Nf4 22. Be3 Qc7 23. Bxf4 Qxa5 24. Be3 Qa4 25. Bh3 Rc7 26. b3 Qa3 27. Bc1 Qa5 28. Be3 Rb8 29. h5 b4 30. g6 Bf6 31. gxf7+ Kxf7 32. Be6+ Kf8 33. Qe2 Rb5 34. Qd3 e4 35. Qxb5 axb5 36. fxe4 Qa3 37. e5 Bxe5 38. Rhf1+ Ke8 39. Bd4 Ra7 40. Bxe5 Qxa2+ 41. Kc1 dxe5 42. Bf5 Qa1+ 43. Kd2 Qc3+ 44. Ke2 e4 45. d6 Qxc2+ 46. Rd2 Qxb3 47. d7+ Kd8 48. Be6 Qf3+ 49. Rxf3 exf3+ 50. Kxf3 Ra6 51. Bg4 b3 52. Re2 Rf6+ 53. Kg3 Rd6 54. Re8+ Kc7 55. Rc8+ 1-0

[Event "NRW Verbandsliga Group1 1314"]
[Site "Nordrheinwestfalen"]
[Date "2013.10.13"]
[Round "2.5"]
[White "Volesky, Karl Heinz"]
[Black "Winterkamp, Sascha"]
[Result "1-0"]
[WhiteElo "2005"]
[BlackElo "1973"]
[PlyCount "71"]
[EventDate "2013.09.08"]
[EventType "team-tourn"]
[EventRounds "9"]
[EventCountry "GER"]
[SourceTitle "EXT 2020"]
[Source "ChessBase"]
[SourceDate "2019.10.17"]
[SourceVersion "1"]
[SourceVersionDate "2019.10.17"]
[SourceQuality "1"]
[WhiteTeam "Ahlen SV"]
[BlackTeam "Hoentrop SG"]
[WhiteTeamCountry "GER"]
[BlackTeamCountry "GER"]

1. e4 c5 2. Nf3 d6 3. d4 cxd4 4. Nxd4 Nf6 5. Nc3 a6 6. Be3 e5 7. Nb3 Be6 8. f4 exf4 9. Bxf4 Nc6 10. Qd2 Be7 11. 0-0-0 Ne5 12. h3 0-0 13. Nd4 Nh5 14. g3 Rc8 15. Qe2 Qa5 16. Nb3 Bxb3 17. axb3 Qa1+ 18. Nb1 Nxf4 19. gxf4 Ng6 20. Qe3 Bf6 21. c3 b5 22. Kc2 b4 23. Bc4 Qa2 24. Rxd6 bxc3 25. Nxc3 Rxc4 26. bxc4 Qxc4 27. Rxf6 gxf6 28. f5 Rb8 29. Kb1 Qb3 30. Rh2 Ne7 31. Rg2+ Kf8 32. Qh6+ Ke8 33. Qxf6 Qc4 34. Qh8+ Kd7 35. Rd2+ Kc7 36. Qe5+ 1-0

[Event "Ruhrgebiet Regionalliga 1213"]
[Site "Nordrheinwestfalen"]
[Date "2013.01.27"]
[Round "5.5"]
[White "Jungbluth, Rolf"]
[Black "Volesky, Karl Heinz"]
[Result "1/2-1/2"]
[WhiteElo "1897"]
[BlackElo "2045"]
[PlyCount "153"]
[EventDate "2012.09.09"]
[EventType "team-tourn"]
[EventRounds "9"]
[EventCountry "GER"]
[SourceTitle "EXT 2020"]
[Source "ChessBase"]
[SourceDate "2019.10.17"]
[SourceVersion "1"]
[SourceVersionDate "2019.10.17"]
[SourceQuality "1"]
[WhiteTeam "Recklinghausen Laeufer Ost"]
[BlackTeam "Ahlen SV"]
[WhiteTeamCountry "GER"]
[BlackTeamCountry "GER"]

1. c4 e5 2. Nc3 Nc6 3. g3 d6 4. Bg2 Be6 5. d3 Qd7 6. Nd5 g6 7. e4 Nd4 8. Be3 c6 9. Nf4 Bg7 10. Bxd4 exd4 11. Nge2 Ne7 12. Nxe6 Qxe6 13. 0-0 0-0 14. b4 f5 15. exf5 Nxf5 16. b5 Ne7 17. bxc6 bxc6 18. Rb1 Rab8 19. Nf4 Qf6 20. Rxb8 Rxb8 21. Qa4 Bh6 22. Qxa7 Rb2 23. Nh3 Rd2 24. Re1 Bf8 25. Bf1 g5 26. Qa5 Rc2 27. Re2 Rxe2 28. Bxe2 d5 29. cxd5 Nxd5 30. Kg2 Qe6 31. Ng1 g4 32. Qd2 Bh6 33. Qb2 Nc3 34. Qb3 Qxb3 35. axb3 Nxe2 36. Nxe2 c5 37. f3 gxf3+ 38. Kxf3 Kf7 39. Ke4 Ke6 40. b4 cxb4 41. Kxd4 Bd2 42. Kc4 Kf5 43. d4 Ke4 44. d5 b3 45. Kxb3 Kxd5 46. Kc2 Bh6 47. Kd3 Ke5 48. h3 Bg5 49. Nd4 Bc1 50. Nf3+ Kf5 51. Kd4 Bb2+ 52. Kd5 Bc1 53. Nh4+ Kf6 54. Ke4 Bd2 55. Ng2 Bc1 56. Nf4 Bd2 57. h4 Be1 58. Kf3 Kf5 59. Nd3 Bc3 60. g4+ Kf6 61. Ke4 Bd2 62. Nf4 Be1 63. g5+ Kf7 64. Ng2 Bg3 65. Kf5 Bf2 66. h5 Bd4 67. Nf4 Bb2 68. Nd3 Bc3 69. Ne5+ Kg7 70. Ke6 Bd2 71. Kf5 Bc1 72. Ng4 Bb2 73. Ne3 Bc1 74. Nd5 Bb2 75. Nf4 Kf7 76. Ne6 Bc3 77. Nd8+ 1/2-1/2

[Event "Ruhrgebiet Regionalliga 1213"]
[Site "Nordrheinwestfalen"]
[Date "2012.12.09"]
[Round "4.5"]
[White "Volesky, Karl Heinz"]
[Black "Kleinegger, Frank"]
[Result "1/2-1/2"]
[WhiteElo "2045"]
[BlackElo "2115"]
[PlyCount "58"]
[EventDate "2012.09.09"]
[EventType "team-tourn"]
[EventRounds "9"]
[EventCountry "GER"]
[SourceTitle "EXT 2020"]
[Source "ChessBase"]
[SourceDate "2019.10.17"]
[SourceVersion "1"]
[SourceVersionDate "2019.10.17"]
[SourceQuality "1"]
[WhiteTeam "Ahlen SV"]
[BlackTeam "Kamen SV"]
[WhiteTeamCountry "GER"]
[BlackTeamCountry "GER"]

1. e4 e5 2. Nf3 Nc6 3. Bc4 Bc5 4. c3 Qe7 5. 0-0 d6 6. d4 Bb6 7. Bb5 Bd7 8. d5 Nb8 9. a4 a6 10. Bd3 Bg4 11. h3 Bh5 12. g4 Bg6 13. Qb3 Nd7 14. a5 Nc5 15. Qc4 Nxd3 16. Qxd3 Ba7 17. Be3 h5 18. g5 Qd7 19. Kh2 f5 20. gxf6 Nxf6 21. Ng5 Bxe3 22. Qxe3 0-0 23. Nd2 Nh7 24. Ne6 Rf6 25. f4 exf4 26. Rxf4 Bf7 27. Rxf6 Nxf6 28. Ng5 Re8 29. Qf4 Qb5 1/2-1/2

[Event "Ruhrgebiet Regionalliga 1213"]
[Site "Nordrheinwestfalen"]
[Date "2012.11.04"]
[Round "3.4"]
[White "Volesky, Karl Heinz"]
[Black "Klasmeier, Jens"]
[Result "1/2-1/2"]
[WhiteElo "2045"]
[BlackElo "2090"]
[PlyCount "42"]
[EventDate "2012.09.09"]
[EventType "team-tourn"]
[EventRounds "9"]
[EventCountry "GER"]
[SourceTitle "EXT 2020"]
[Source "ChessBase"]
[SourceDate "2019.10.17"]
[SourceVersion "1"]
[SourceVersionDate "2019.10.17"]
[SourceQuality "1"]
[WhiteTeam "Ahlen SV"]
[BlackTeam "Weisse Dame Borbeck"]
[WhiteTeamCountry "GER"]
[BlackTeamCountry "GER"]

1. e4 c5 2. Nf3 e6 3. d4 cxd4 4. Nxd4 Nc6 5. Nc3 Qb6 6. Nb3 a6 7. Bd3 Nf6 8. 0-0 Be7 9. a4 Qc7 10. a5 Bb4 11. Bd2 d6 12. Ne2 d5 13. exd5 exd5 14. Ng3 Bxd2 15. Qxd2 0-0 16. Rfe1 Be6 17. Qg5 Rfe8 18. Nh5 Nxh5 19. Qxh5 g6 20. Qh6 Rac8 21. f4 Ne7 1/2-1/2

[Event "Ruhrgebiet Regionalliga 1112"]
[Site "Nordrheinwestfalen"]
[Date "2012.02.19"]
[Round "7.5"]
[White "Bastians, Felix"]
[Black "Volesky, Karl Heinz"]
[Result "1/2-1/2"]
[WhiteElo "2022"]
[BlackElo "2021"]
[PlyCount "55"]
[EventDate "2011.09.25"]
[EventType "team-tourn"]
[EventRounds "9"]
[EventCountry "GER"]
[SourceTitle "EXT 2020"]
[Source "ChessBase"]
[SourceDate "2019.10.17"]
[SourceVersion "1"]
[SourceVersionDate "2019.10.17"]
[SourceQuality "1"]
[WhiteTeam "Welper SV"]
[BlackTeam "Ahlen SV"]
[WhiteTeamCountry "GER"]
[BlackTeamCountry "GER"]

1. e4 c5 2. Nf3 e6 3. d4 cxd4 4. Nxd4 a6 5. c4 Nf6 6. Nc3 Qc7 7. a3 Bd6 8. Be3 Be5 9. Be2 Nc6 10. Rc1 Qd6 11. c5 Qc7 12. Qd2 0-0 13. Nxc6 dxc6 14. Bf3 Rd8 15. Qc2 Bf4 16. Bxf4 Qxf4 17. Rd1 Rxd1+ 18. Qxd1 Qc7 19. 0-0 e5 20. Qd3 Be6 21. Rd1 Kf8 22. Rd2 Ke8 23. g3 Rd8 24. Qe3 Rxd2 25. Qxd2 h6 26. Kf1 Qd7 27. Ke1 Qxd2+ 28. Kxd2 1/2-1/2

[Event "Ruhrgebiet Regionalliga 1112"]
[Site "Nordrheinwestfalen"]
[Date "2011.11.27"]
[Round "4.5"]
[White "Volesky, Karl Heinz"]
[Black "Huette, Stefan"]
[Result "1/2-1/2"]
[WhiteElo "2021"]
[BlackElo "1954"]
[PlyCount "63"]
[EventDate "2011.09.25"]
[EventType "team-tourn"]
[EventRounds "9"]
[EventCountry "GER"]
[SourceTitle "EXT 2020"]
[Source "ChessBase"]
[SourceDate "2019.10.17"]
[SourceVersion "1"]
[SourceVersionDate "2019.10.17"]
[SourceQuality "1"]
[WhiteTeam "Ahlen SV"]
[BlackTeam "Hattingen"]
[WhiteTeamCountry "GER"]
[BlackTeamCountry "GER"]

1. e4 d5 2. exd5 Nf6 3. Bb5+ Bd7 4. Bc4 b5 5. Bb3 Bf5 6. f3 Bc8 7. a4 b4 8. c4 e6 9. dxe6 Nc6 10. exf7+ Kxf7 11. c5+ Be6 12. Bxe6+ Kxe6 13. Qb3+ Qd5 14. Qxd5+ Nxd5 15. Ne2 Bxc5 16. d4 Bxd4 17. Nd2 Bf6 18. Ne4 Nd4 19. Nxd4+ Bxd4 20. Rb1 Nf6 21. Bf4 Nxe4 22. fxe4 c5 23. b3 Rhe8 24. Ke2 Rf8 25. Rhf1 Rac8 26. Rbd1 h6 27. h4 Rf7 28. g3 Rcf8 29. h5 Be5 30. Ke3 Bd4+ 31. Ke2 Be5 32. Ke3 1/2-1/2

[Event "Ruhrgebiet Verbandsliga2 1011"]
[Site "Nordrheinwestfalen"]
[Date "2011.01.16"]
[Round "5"]
[White "Volesky, Karl Heinz"]
[Black "Pustelny Conrad, Dieter"]
[Result "1/2-1/2"]
[WhiteElo "2020"]
[BlackElo "1958"]
[PlyCount "89"]
[EventDate "2010.09.12"]
[EventType "team-tourn"]
[EventRounds "9"]
[EventCountry "GER"]
[SourceTitle "EXT 2020"]
[Source "ChessBase"]
[SourceDate "2019.10.17"]
[SourceVersion "1"]
[SourceVersionDate "2019.10.17"]
[SourceQuality "1"]
[WhiteTeam "Ahlen SV"]
[BlackTeam "Wattenscheid SV IV"]
[WhiteTeamCountry "GER"]
[BlackTeamCountry "GER"]

1. e4 c5 2. Nf3 Nc6 3. d4 cxd4 4. Nxd4 Qb6 5. Nb3 e6 6. Nc3 a6 7. Bd3 Nf6 8. Be3 Qc7 9. f4 d6 10. g4 b5 11. g5 Nd7 12. a4 b4 13. Ne2 h6 14. g6 f6 15. Ned4 Nxd4 16. Nxd4 Nc5 17. f5 e5 18. Nb3 Nxd3+ 19. Qxd3 Bb7 20. 0-0 d5 21. exd5 Rd8 22. c4 bxc3 23. Qxc3 Qxc3 24. bxc3 Rxd5 25. Rad1 Ba3 26. c4 Rxd1 27. Rxd1 Bf3 28. Ra1 Bb4 29. Bc5 a5 30. Bxb4 axb4 31. a5 Kd7 32. Nc5+ Kc6 33. Ne6 Be4 34. Ra4 b3 35. Rb4 Bxf5 36. Nxg7 Bc2 37. Ne6 Bxg6 38. Rxb3 Kd7 39. Rb6 Rc8 40. Ng7 Rc6 41. c5 Rxc5 42. Rxf6 Bd3 43. Rxh6 Rxa5 44. Kf2 Ke7 45. Nh5 1/2-1/2

[Event "Ruhrgebiet Verbandsliga2 1011"]
[Site "Nordrheinwestfalen"]
[Date "2010.11.28"]
[Round "4.5"]
[White "Lauche, Christoph"]
[Black "Volesky, Karl Heinz"]
[Result "0-1"]
[WhiteElo "1877"]
[BlackElo "2020"]
[PlyCount "120"]
[EventDate "2010.09.12"]
[EventType "team-tourn"]
[EventRounds "9"]
[EventCountry "GER"]
[SourceTitle "EXT 2020"]
[Source "ChessBase"]
[SourceDate "2019.10.17"]
[SourceVersion "1"]
[SourceVersionDate "2019.10.17"]
[SourceQuality "1"]
[WhiteTeam "Dortmund FS 98"]
[BlackTeam "Ahlen SV"]
[WhiteTeamCountry "GER"]
[BlackTeamCountry "GER"]

1. e4 c5 2. b4 cxb4 3. a3 bxa3 4. Nxa3 d6 5. d4 Nf6 6. Bd3 Nc6 7. c3 g6 8. Ne2 Bg7 9. 0-0 0-0 10. Nc2 e5 11. d5 Na5 12. Ne3 Nd7 13. c4 Nc5 14. Bc2 b6 15. Bb2 Ba6 16. Bd3 Qc8 17. Rc1 Nab3 18. Rb1 Qd7 19. f4 f6 20. Bc3 Nxd3 21. Qxd3 Nc5 22. Qc2 Rae8 23. f5 Rc8 24. Ra1 Rc7 25. Bb4 Bc8 26. Nc3 a5 27. Ba3 Ba6 28. Rab1 Rb8 29. Nb5 Rcb7 30. h3 Rc8 31. fxg6 hxg6 32. Ng4 Rf8 33. Ne3 Bh6 34. Ng4 Bg7 35. Ne3 Kf7 36. Rf3 Ke7 37. Rb2 Bxb5 38. Rxb5 Qc7 39. Qb1 Nd7 40. Qb2 Bh6 41. Ng4 Bg5 42. Qc2 Rh8 43. Nf2 Rbb8 44. Rc3 Rbf8 45. Rf3 Rc8 46. Rc3 Rhf8 47. Bc1 Bxc1 48. Qxc1 Rh8 49. Qe3 Qd8 50. Qg3 Qg8 51. Qg4 Qf7 52. Qe2 Rc7 53. Rb1 Rhc8 54. Ng4 Rc5 55. Rf1 b5 56. Rcf3 bxc4 57. Nxf6 Nxf6 58. Qf2 Rf8 59. g4 Qg7 60. Qc2 Nd7 0-1

[Event "Ruhrgebiet Verbandsliga2 1011"]
[Site "Nordrheinwestfalen"]
[Date "2010.10.24"]
[Round "2.5"]
[White "Sicars, Thorsten"]
[Black "Volesky, Karl Heinz"]
[Result "0-1"]
[WhiteElo "1998"]
[BlackElo "2020"]
[PlyCount "124"]
[EventDate "2010.09.12"]
[EventType "team-tourn"]
[EventRounds "9"]
[EventCountry "GER"]
[SourceTitle "EXT 2020"]
[Source "ChessBase"]
[SourceDate "2019.10.17"]
[SourceVersion "1"]
[SourceVersionDate "2019.10.17"]
[SourceQuality "1"]
[WhiteTeam "Holsterhausen SK"]
[BlackTeam "Ahlen SV"]
[WhiteTeamCountry "GER"]
[BlackTeamCountry "GER"]

1. d4 Nf6 2. Nf3 e6 3. Bg5 Be7 4. Nbd2 d5 5. e3 h6 6. Bh4 Nbd7 7. Bd3 c5 8. c3 b6 9. Ne5 Nxe5 10. dxe5 Nd7 11. Bxe7 Qxe7 12. f4 a5 13. Qe2 c4 14. Bc2 a4 15. a3 Nc5 16. Nf3 Ba6 17. 0-0 g6 18. Rad1 Qd7 19. Nd4 Nd3 20. Bb1 0-0-0 21. Bxd3 cxd3 22. Qf3 Bc4 23. Rd2 Kb7 24. Kf2 Rc8 25. Ke1 Rc5 26. g4 h5 27. h3 hxg4 28. hxg4 Rcc8 29. Rh1 Rcg8 30. Rdh2 Qe8 31. Rh7 Ka6 32. Qh3 Rxh7 33. Qxh7 Qf8 34. Kd2 Qe8 35. Rh2 Qf8 36. Nf3 Qe8 37. Kc1 Rf8 38. Qg7 Rg8 39. Qf6 Rf8 40. Nd4 Qd7 41. Rh7 Ba2 42. Kd2 Bc4 43. Rh8 Qc8 44. Rxf8 Qxf8 45. Qh4 Qg8 46. Nc6 Qe8 47. Nb4+ Ka5 48. Qf6 Bb5 49. Qh4 Bc4 50. Qh7 Bb5 51. Qh2 Qc8 52. Qh7 Qe8 53. Qh1 Qc8 54. Qd1 Qc4 55. Kc1 Qe4 56. Qg1 Qf3 57. Qe1 Bc4 58. g5 Kb5 59. Kd2 Qg2+ 60. Kc1 Bb3 61. e4 d2+ 62. Qxd2 Qf1+ 0-1